Landkreisnamen zusammenpuzzlen - Statistiken

Allgemein
  • Dieses Quiz wurde 82 mal gespielt
  • Das Durchschnittsergebnis liegt bei 16 aus 20
Antwortstatistiken
Hint Extra Hint Antwort % Korrekt
Rendsburg - Eckernförde
89%
Breisgau - Hochschwarzwald
89%
Oberspreewald - Lausitz
89%
Sächsische Schweiz - Osterzgebirge
89%
Hameln - Pyrmont
85%
Marburg - Biedenkopf
84%
Rems - Murr
84%
Ludwigslust - Parchim
84%
Ennepe - Ruhr
84%
Bad Tölz - Wolfratshausen
82%
Schmalkalden - Meiningen
80%
Straubing - Bogen
77%
Minden - Lübbecke
77%
Bernkastel - Wittlich
77%
Merzig - Wadern
75%
Rhön - Grabfeld
74%
Aichach - Friedberg
70%
Mansfeld - Südharz
70%
Siegen - Wittgenstein
70%
Hersfeld - Rotenburg
61%
Keine übereinstimmenden Quizze gefunden
Verteilung der Resultate
Anzahl Personen mit jedem Resultat
Perzentil nach korrekt beantworteten Fragen
Ihre Resultats-Entwicklung
Sie haben dieses Quiz noch nicht gespielt